| 000 | 006980000a22001930004500 | ||
|---|---|---|---|
| 003 | dpl | ||
| 005 | 20081029171050.0 | ||
| 008 | 081029t xxu||||| |||| 00| 0 eng d | ||
| 010 | _aENG-84637 | ||
| 020 |
_a819034031X _c165.00 (pbk) |
||
| 035 | _aEN-68170 | ||
| 082 | _a808.8015 | ||
| 100 | _aSymons, Arthur | ||
| 245 |
_aThe Symbolist movement in literature / _cby Arthur Symons |
||
| 260 |
_aNew Delhi _bABS Publishers and Distributors _c2006(rpr) |
||
| 300 |
_axx,164p _c22cm |
||
| 942 |
_2ddc _cEN _h808.8015 _mSYM |
||
| 999 |
_c17941 _d17941 |
||